000 00257nam a2200109Ia 4500
008 190216s9999||||xx |||||||||||||| ||und||
100 _aRaja Raja Varma A R
245 0 _aVritha Manjari
260 _bKalalayam Book Depot
650 _aMalayalam
942 _cBK
999 _c24211
_d24211